States With the Least Big 4 Championships - Statistics

General Stats
  • This quiz has been taken 18 times
  • The average score is 12 of 16
Answer Stats
Titles State % Correct
1 Oregon
100%
1 Arizona
93%
2 Washington
93%
7 Colorado
80%
2 Georgia
80%
7 Maryland
80%
7 Minnesota
80%
1 North Carolina
80%
3 Indiana
73%
1 Oklahoma
73%
3 New Jersey
67%
7 Wisconsin
67%
1 Louisiana
60%
1 Utah
60%
1 Nevada
47%
1 Kentucky
40%
No matching quizzes found
Score Distribution
Percent of People with Each Score
Percentile by Number Answered
Your Score History
You have not taken this quiz